Sesterská vizita

Bibliographic Details
Main Authors: Berč, Alexander, 1950- (Author), Palková, Ľuba (Author), Vančo, Marián (Author), Vyšňanová, Marta (Author)
Format: Article
Language:Slovak

MARC

LEADER 00000nab a2200000ua 4500
001 vtls010830943
005 20260410080350.0
008 230222s2006 xo |||||||||||||||||slo|
035 |a (urnnbn)urn:nbn:sk:snk:ar-a06hou 
035 |a urn:nbn:sk:snk-ab5vy6 
035 |a (uuid)7a189db0-b6ec-44d2-80bc-e294000c6074 
040 |a SNKBUCL  |b slo  |c SNKBUCL  |e AACR2 
041 0 |a slo 
044 |a xo  |c SK 
100 1 |a Berč, Alexander,  |d 1950-  |4 aut  |9 1636303 
245 1 0 |a Sesterská vizita  |c Alexander Berč, Ľuba Palková, Marián Vančo, Marta Vyšňanová 
700 1 |a Palková, Ľuba  |4 aut  |9 479225 
700 1 |a Vančo, Marián  |4 aut  |9 479226 
700 1 |a Vyšňanová, Marta  |4 aut  |9 479227 
773 0 |t Sestra : odborný mesačník pre ošetrovateľstvo  |g Roč. 5, č. 9-10 (2006), s. 13-14 
954 |a odborná, vedecká literatúra pôvodná (slovenská)  |2 lita 
958 |a OND 
958 |a EUIPO 
958 |a article5 
999 |c 1997713  |d 1999643